الطب و الأبحاث العلمية / (رقم التسجيلة. 108852)

تفاصيل مارك
000 -LEADER
fixed length control field 00812nam a22002537a 4500
005 - DATE AND TIME OF LATEST TRANSACTION
control field 20251108173637.0
008 - FIXED-LENGTH DATA ELEMENTS--GENERAL INFORMATION
fixed length control field 250721s2002 xx 000 0 ara d
020 ## - INTERNATIONAL STANDARD BOOK NUMBER
International Standard Book Number 2844092675
082 14 - DEWEY DECIMAL CLASSIFICATION NUMBER
Classification number ط/604/راي
100 1# - MAIN ENTRY--PERSONAL NAME
Personal name رايت، مايكل
245 10 - TITLE STATEMENT
Title الطب و الأبحاث العلمية /
264 1# - PRODUCTION, PUBLICATION, DISTRIBUTION, MANUFACTURE, AND COPYRIGHT NOTICE
Place of production, publication, distribution, manufacture بيروت :
Name of producer, publisher, distributor, manufacturer الدار العربية للعلوم،
Date of production, publication, distribution, manufacture, or copyright notice 2002.
300 ## - PHYSICAL DESCRIPTION
Extent 45ص
490 0# - SERIES STATEMENT
Series statement التطورات العلمية في القرن 21
650 17 - SUBJECT ADDED ENTRY--TOPICAL TERM
Topical term or geographic name as entry element الطب
650 17 - SUBJECT ADDED ENTRY--TOPICAL TERM
Topical term or geographic name as entry element الأبحاث الطبية
650 17 - SUBJECT ADDED ENTRY--TOPICAL TERM
Topical term or geographic name as entry element التكنولوجيا
653 ## - INDEX TERM--UNCONTROLLED
Uncontrolled term ناشئون كبار (15-18) سنة
700 1# - ADDED ENTRY--PERSONAL NAME
Personal name باتل، موكول
700 1# - ADDED ENTRY--PERSONAL NAME
Personal name العاني، بدري
Relator term مترجم
700 1# - ADDED ENTRY--PERSONAL NAME
Personal name العاني، عامر
Relator term مترجم
942 ## - ADDED ENTRY ELEMENTS (KOHA)
Source of classification or shelving scheme Dewey Decimal Classification
Koha item type كتب
المقتنيات
حالة السحب حالة الفقدان مصدر التصنيف حالة التلف غير قابل للإعارة المكتبة الرئيسية المكتبة الحالية موقع الرف تاريخ التزويد الرقم المتسلسل Total Checkouts رقم الإستدعاء الباركود تاريخ آخر ظهور تاريخ الفاتورة نوع المادة (كوها)
    Dewey Decimal Classification     مكتبة قتيبة للأطفال مكتبة قتيبة للأطفال الأطفال 04/03/2018 1667896   ط/604/راي PLD00418670 28/07/2025 04/03/2018 كتب
    Dewey Decimal Classification     مكتبة الأميرة سلمى مكتبة الأميرة سلمى الأطفال 29/02/2016 566153   ط/604/راي PLD00376583 28/07/2025 29/02/2016 كتب
    Dewey Decimal Classification     مكتبة الياسمين للأطفال مكتبة الياسمين للأطفال الأطفال 31/03/2014 557715   ط/604/راي PLD00297275 28/07/2025 31/03/2014 كتب
Implemented & Customized by: BBB with SCIT (Smart Chains for Information Technology)

Powered by Koha